| 000 | 00370nam a2200121 4500 | ||
|---|---|---|---|
| 999 |
_c13650 _d13650 |
||
| 008 | 190401b ||||| |||| 00| 0 eng d | ||
| 100 |
_938009 _aLuces, Niño N. |
||
| 245 |
_aDepEd frowns at burning of bags at CamSur school/ _cNiño N. Luces |
||
| 260 |
_aPhilippines: _bManila Bulletin; _cc2018. |
||
| 300 | _apage 11. | ||
| 650 | 0 |
_938010 _aChild abuse. |
|
| 942 |
_2ddc _cPER |
||